| 000 | 00409nam a2200157Ia 4500 | ||
|---|---|---|---|
| 008 | 230314s9999 xx 000 0 und d | ||
| 020 | _a978-93-5270-344-9 | ||
| 041 | _aeng | ||
| 082 | _aF/610.73/CLE/B09348 | ||
| 100 |
_aClement I _9119826 |
||
| 245 | _aBasic Concepts of Nursing Procedures | ||
| 260 |
_bJaypee Brothers _aNew Delhi _c2009 |
||
| 300 | _a623p | ||
| 906 | _b02 | ||
| 999 |
_c142335 _d142335 |
||